If EU countries were US states Quiz Stats

 Plays Quiz not verified by Sporcle

Challenge
Share
Tweet
Embed
Score 0/49 Timer 10:00
0 Plays Today
% Correct
Texas
84.9%
California
67.1%
California
61.6%
Montana
42.5%
Florida
42.5%
New Mexico
31.5%
Arizona
31.5%
Rhode Island
31.5%
Wyoming
26%
Ohio
24.7%
District of Columbia
23.3%
District of Columbia
21.9%
Oregon
20.5%
New Jersey
20.5%
Massachusetts
15.1%
Connecticut
15.1%
Michigan
15.1%
Rhode Island
15.1%
North Carolina
12.3%
Maryland
12.3%
Maryland
11%
New Jersey
11%
Rhode Island
9.6%
Maine
8.2%
West Virginia
8.2%
% Correct
Washington
8.2%
Wisconsin
8.2%
Iowa
8.2%
Colorado
8.2%
Indiana
6.8%
Minnesota
6.8%
South Carolina
6.8%
New Hampshire
6.8%
Delaware
6.8%
Florida
6.8%
Hawaii
6.8%
Virginia
6.8%
Missouri
6.8%
Alabama
5.5%
Louisiana
5.5%
South Carolina
5.5%
New Mexico
5.5%
Michigan
5.5%
Kentucky
5.5%
Mississippi
5.5%
Pennsylvania
4.1%
Ohio
4.1%
California
4.1%
West Virginia
4.1%

You're not logged in!

Compare scores with friends on all Sporcle quizzes.
Join for Free
OR
Log In

You Might Also Like...

Show Comments

Extras

Top Quizzes Today


Score Distribution

Your Account Isn't Verified!

In order to create a playlist on Sporcle, you need to verify the email address you used during registration. Go to your Sporcle Settings to finish the process.

Report this User

Report this user for behavior that violates our Community Guidelines.

Details: